01242nam a2200277 a 4500001001000000003000500010005001700015008004100032010001100073011001100084020001800095040000900113110009300122245018100215260003700396300002700433490004600460650005800506650005200564650005200616650005500668650004900723650005200772710009400824830004600918000116289CHAP20220329144609.0191021s2013 mx a |s| ||||||spa d a112750 a113722 a9786074510928 cCHAP2 aAsociación Nacional de Universidades e Instituciones de Educación Superior. México10aAnuario estadístico :h[Disco compacto]bpoblación escolar y personal docente en la educacíon media superior y superior en México ciclo escolar 2011-2012 /cpor ANUIES. aMéxico, D.F. :bANUIES,c2013. a1 CD ROM ;c4 3/4 plg.0 aColección información y estadística14aEducación media superiorxEstadísticaszMéxico.14aEducación superiorxEstadísticaszMéxico.14aEstudiantesxEducación mediavEstadísticas.14aEstudiantesxEducación superiorvEstadísticas.14aMaestrosxEducación mediavEstadísticas.14aMaestrosxEducación superiorvEstadísticas.0 aAsociación Nacional de Universidades e Instituciones de Educación Superior. México. 0aColección información y estadística